000 00258nam a2200109Ia 4500
008 200302s9999 xx 000 0 und d
100 _aJ. K. Mckay
245 _aBuilding Construction Vol 4
260 _bLongman Group Ltd.
260 _c1975
300 _a274 P.,
999 _c219
_d219